| 000 | 00513cam a2200181Ia 4500 | ||
|---|---|---|---|
| 020 | _a9251055211 | ||
| 020 | _a9789251055212 | ||
| 040 | _cHMZ | ||
| 082 | _a631 FOO 2006 A038 Or. | ||
| 245 | 0 | 0 | _aGuidelines for soil description |
| 250 | _a4th ed | ||
| 260 |
_aRome : _bFood and Agriculture Organization of the United Nations, _c2006 |
||
| 300 |
_ax, 97 p. : _bill. ; _c25 cm |
||
| 650 | 0 | _aSoil profiles | |
| 650 | 0 | _aSoils | |
| 710 | 2 | _aFood and Agriculture Organization of the United Nations | |
| 942 | _cEK | ||
| 999 |
_c11419 _d11419 |
||